عرض عادي عرض مارك
  • Liz©Łrraga-Celaya, Carlos

مدخل إسم شخص

عدد التسجيلات المستخدمة في: 1

001 - رقم الضبط

  • حقل الضبط: 57225

003 - معرف رقم الضبط

  • حقل الضبط: OSt

005 - تاريخ ووقت أخر عملية

  • حقل الضبط: 20161205132205.0

008 - عناصر بيانات ثابتة الطول

  • حقل تحكم ثابت الطول: 161205|| aca||aabn | a|a d

040 ## - مصدر الفهرسة

  • هيئة الفهرسة الأصلية: OSt
  • وكالة الكتابة: OSt

100 ## - مدخل -- أسم شخص

  • إسم شخص: Liz©Łrraga-Celaya, Carlos

670 ## - بيانات المصدر موجوده

  • الاستشهاد بالمصدر: Work cat.: (OSt)0: Shingareva, Inna 57222, Maple and Mathematica, c2009